000 00609nam a2200205 4500
003 OSt
005 20240625022852.0
006 a
008 240625b |||||||| |||| 00| 0 eng d
020 _a9789712726484
040 _aDWCL-Main lib.
_cOC
082 _aFil. 513 L149c 2012
100 _aLacsamana-Jensen, Paz Alegria
245 _aCalculations made easy : addition & multiplication, subtraction & division /
260 _aMandaluyong City :
_bAnvil Pub. ,
_cc2012.
300 _aix,
_b158 p. ;
_c22 cm.
650 _a1. Mathematics.
650 _a2. Arithmetic.
942 _2ddc
_n0
_cBK - FIL
_kFil.
999 _c1282
_d1282